Ombudsman for estate agents (Record no. 62474)

MARC details
000 -LEADER
fixed length control field 00850cam a2200217 4500
001 - CONTROL NUMBER
control field WB3606-24
008 - FIXED-LENGTH DATA ELEMENTS--GENERAL INFORMATION
fixed length control field 000000n2000 000 0 eng u
035 ## - SYSTEM CONTROL NUMBER
System control number (Sirsi) u104099
245 ## - TITLE STATEMENT
Title Ombudsman for estate agents
260 ## - PUBLICATION, DISTRIBUTION, ETC.
Date of publication, distribution, etc. 2000
490 ## - SERIES STATEMENT
Series statement Ombudsman Scheme News Release
Volume/sequential designation 1 February 2000
490 ## - SERIES STATEMENT
Series statement Estate Agency News
Volume/sequential designation (153) February 2000, 1(4)
520 ## - SUMMARY, ETC.
Summary, etc. The Ombudsman for Estate Agents has announced changes to the scheme which it is hoped will encourage more agents to join. Meanwhile, the scheme has been given a boost with the largest estate agent group in the country, Countywide Assured, signing up.
590 ## - LOCAL NOTE (RLIN)
Local note WB
650 ## - SUBJECT ADDED ENTRY--TOPICAL TERM
Topical term or geographic name entry element OMBUDSMAN FOR ESTATE AGENTS SCHEME
650 ## - SUBJECT ADDED ENTRY--TOPICAL TERM
Topical term or geographic name entry element COUNTRYWIDE ASSURED
650 ## - SUBJECT ADDED ENTRY--TOPICAL TERM
Topical term or geographic name entry element ESTATE AGENCY
650 ## - SUBJECT ADDED ENTRY--TOPICAL TERM
Topical term or geographic name entry element SELF-REGULATION
690 ## - LOCAL SUBJECT ADDED ENTRY--TOPICAL TERM (OCLC, RLIN)
Topical term or geographic name as entry element PROPERTY AND LAND LAW-AGENCY
942 ## - ADDED ENTRY ELEMENTS (KOHA)
Suppress in OPAC 0
Holdings
Withdrawn status Lost status Source of classification or shelving scheme Damaged status Not for loan Home library Current library Shelving location Date acquired Total Checkouts Full call number Barcode Date last seen Copy number Price effective from Koha item type
    Dewey Decimal Classification     London London News article 09/02/2000   WB3606-24 104099-1001 06/08/2019 1 06/08/2019 News article